[Event "DEN-ch U14 rapid"]
[Site "Odense"]
[Date "2021.10.01"]
[Round "5"]
[White "Sinding, Noa"]
[Black "Saravana, Vedant Kumar"]
[Result "0-1"]
[WhiteElo "1506"]
[BlackElo "1912"]
[PlyCount "56"]
[EventDate "2021.10.01"]
[EventType "swiss"]
[EventRounds "5"]
[EventCountry "DEN"]
[SourceTitle "EXT 2024"]
[Source "ChessBase"]
[SourceDate "2023.10.10"]
[SourceVersion "1"]
[SourceVersionDate "2023.10.10"]
[SourceQuality "1"]

1. d4 d5 2. Bf4 Nf6 3. e3 e6 4. Bd3 c5 5. c3 Nc6 6. Nd2 Bd6 7. Bg3 0-0 8. Ngf3 Re8 9. 0-0 e5 10. dxe5 Nxe5 11. Nxe5 Bxe5 12. Bxe5 Rxe5 13. Nf3 Rh5 14. Qe2 Qc7 15. h3 g5 16. e4 g4 17. hxg4 Bxg4 18. g3 Re8 19. e5 Rexe5 20. Qd1 Rh3 21. Kg2 Reh5 22. Rg1 Qd7 23. Kf1 Rh1 24. Be2 Ne4 25. Qd3 Qf5 26. Rd1 Bh3+ 27. Ke1 Rxg1+ 28. Nxg1 Qxf2# 0-1